All Jane Remover 2025 Releases - Statistics

General Stats
  • This quiz has been taken 35 times
  • The average score is 17 of 60
Answer Stats
Hint Answer % Correct
1 January JRJRJR
78%
26 February Dancing with your eyes closed
70%
4 April Psychoboost
70%
4 April TWICE REMOVED
70%
4 April Dreamflasher
65%
4 April angels in camo
61%
4 April Professional Vengeance
61%
4 April TURN UP OR DIE
61%
4 April Star people
57%
18 August Audiostalker
52%
12 September Audiostalker
52%
4 April Dark night castle
52%
4 April Fadeoutz
48%
14 February Believe
43%
9 January Dead forever
43%
4 April Experimental Skin
43%
14 February Play my guitar
39%
14 February Spider
39%
First upload: 23 April (Released 22 May) Supernova
35%
17 April The 1
35%
18 August Blowup 2 / hardcore
30%
18 August Showtime
30%
14 February Guesthouse
26%
1 May Icebreaker
26%
14 February No sleep
26%
14 February Recoil
26%
15 May Saturday Night
26%
18 August Dooo it!
22%
18 August Globetrot
22%
18 August Kill your producer
22%
18 August Lucky strike
22%
14 February Something has to change
22%
31 July String Me
22%
18 August String me
22%
18 August This is love
22%
18 August Zombie skin
22%
18 August Blackout
17%
18 August Go on and cry
17%
31 July How to teleport
17%
18 August Hypothesis
17%
20 July In the dark (demo)
17%
18 August Unstable
17%
14 February We don't exist
17%
17 June I DID THIS FOR US
13%
2 July …LIKE WATCHING A ZOMBIE TURN
13%
2 June XO TOUR LLIF3
13%
7 November All4U
9%
22 October #BOYLETMEKNOW
9%
First upload: 2 August (Released 15 August) Calvin Klein
9%
7 September CHASE THIS FEELING ............
9%
18 August Heart of steel
9%
First upload: 11 April Cream Soda
4%
19 July CROWDKILLING 101
4%
10 October Dirt road anthem
4%
6 August NOTHING LASTS FOREVER (EVERY DETAIL U HAVE EVER TOLD ME)
4%
14 February Sick / Relapse
4%
18 August Smile demon
4%
19 July E: Retrace your steps
0%
First upload: 11 April If you treat her
0%
18 August Jumped by life
0%
No matching quizzes found
Score Distribution
Percent of People with Each Score
Percentile by Number Answered
Your Score History
You have not taken this quiz